MARC

LEADER 00000nam0a2200000 4500
001 211261
005 20231101225653.0
035 |a (RuTPU)RU\TPU\book\230768 
090 |a 211261 
100 |a 20120312d1950 km y0rusy50 ca 
101 1 |a rus  |c eng 
102 |a RU 
105 |a y z 001zy 
200 1 |a Спектроскопия и теория горения  |e пер. с англ.  |f А. Гейдон 
210 |a Москва  |c Изд-во иностранной литературы  |d 1950 
215 |a 308 с. 
320 |a Библиогр.: с. 297-305. 
606 1 |a Спектральный анализ  |2 stltpush  |3 (RuTPU)RU\TPU\subj\67783  |9 83449 
606 1 |a Горение, теория  |x (химия)  |2 stltpush  |3 (RuTPU)RU\TPU\subj\7440  |9 35095 
610 1 |a химия 
610 1 |a физическая химия 
610 1 |a аналитическая химия 
610 1 |a спектроскопия 
610 1 |a спектроскопический анализ 
610 1 |a пламена 
610 1 |a излучение 
610 1 |a поглощение 
610 1 |a инфракрасные спектры 
610 1 |a догорание 
610 1 |a диссоциация 
610 1 |a спектры 
675 |a 543.42  |v 3 
675 |a 544.452  |v 3 
700 1 |a Гейдон  |b А. 
801 1 |a RU  |b 63413507  |c 20120312 
801 2 |a RU  |b 63413507  |c 20230214  |g RCR 
942 |c BK